[Event "Osvaldo Pugliese in memorian"]
[Site "SchemingMind.com"]
[Date "2006.10.24"]
[Round "-"]
[White "Negrito19"]
[Black "alejandra"]
[Result "1-0"]
[WhiteCountry "ARG"]
[BlackCountry "ARG"]
[WhiteElo "1560"]
[WhiteRD "56"]
[BlackElo "1166"]
[BlackRD "83"]
[GameID "73309"]

1. e4 b6 2. Bc4 Nf6 3. Qf3 e5 4. Nc3 Bc5 5. Nd5 d6 6. d3 Bg4 7. Nxf6+ gxf6 8. Qxg4 Nc6 9. Qg7 Rf8 10. Bh6 Qe7
11. Qxh7 Nd4 12. O-O-O Qd7 13. Bxf8 Qa4 14. Qxf7+ Kd8 15. Bb3 Nxb3+ 16. Qxb3 Qa5 17. Ne2 Bxf2 18. Rhf1 Be3+ 19. Kb1 Bg5 20. Bg7 Kd7
21. Qf7+ Kc6 22. Qc4+ Kb7 23. Bxf6 Bd2 24. Qd5+ Ka6 25. Qxa5+ Kxa5 26. Rxd2 Rf8 27. d4 Rg8 28. dxe5 dxe5 29. Rd5+ c5 30. Bxe5
1-0

[Event "Osvaldo Pugliese in memorian"]
[Site "SchemingMind.com"]
[Date "2006.10.24"]
[Round "-"]
[White "crespov"]
[Black "alejandra"]
[Result "1-0"]
[WhiteCountry "CHI"]
[BlackCountry "ARG"]
[WhiteElo "1661"]
[WhiteRD "98"]
[BlackElo "1166"]
[BlackRD "83"]
[GameID "73310"]

1. c4 e5 2. Nc3 Bc5 3. e3 Nf6 4. d4 Bb4 5. Bd2 d6 6. Be2 Bg4 7. Bxg4 c6 8. Bf3 Qd7 9. Nge2 Qf5 10. Ng3 Qd3
11. Be2 Qg6 12. O-O Nbd7 13. a3 Ba5 14. d5 Nc5 15. b4 Bb6 16. bxc5 dxc5 17. Na4 Bc7 18. Nxc5 O-O 19. Bb4 Rfe8 20. Nxb7 e4
21. Nd6 Re5 22. Ndf5 Rxf5 23. Nxf5 Qxf5 24. d6 Bd8 25. c5 Nd5 26. Bg4 Qg5 27. Bd7 Bf6 28. Rb1 Be5 29. Bxc6 Qh6 30. g3 Rd8
31. Qxd5 Qh5 32. Qxe4
1-0

[Event "Osvaldo Pugliese in memorian"]
[Site "SchemingMind.com"]
[Date "2006.10.29"]
[Round "-"]
[White "tacticrules"]
[Black "limajazz"]
[Result "1-0"]
[WhiteCountry "GER"]
[BlackCountry "GUA"]
[WhiteElo "1610"]
[WhiteRD "53"]
[BlackElo "1449"]
[BlackRD "113"]
[GameID "73469"]

1. d4 d5 2. c4 Nf6 3. cxd5 Nxd5 4. e4 Nb6 5. Nf3 e6 6. Nc3 Bb4 7. Bc4 Nxc4 8. Qb3 Bxc3+ 9. Qxc3 b5 10. b3 Nd6
11. e5 Ne4 12. Qd3 Nxf2 13. Kxf2 a6 14. Qe4 Ra7 15. Be3 Bb7 16. Qg4 O-O 17. Bh6 g6 18. Bg5 Qd5 19. Bh6 Rc8 20. Qf4 c5
21. Qf6
1-0

[Event "Osvaldo Pugliese in memorian"]
[Site "SchemingMind.com"]
[Date "2006.10.25"]
[Round "-"]
[White "tacticrules"]
[Black "sacuna"]
[Result "1-0"]
[WhiteCountry "GER"]
[BlackCountry "ARG"]
[WhiteElo "1621"]
[WhiteRD "87"]
[BlackElo "1314"]
[BlackRD "85"]
[GameID "73470"]

1. d4 d5 2. c4 dxc4 3. Nf3 Nf6 4. e3 g6 5. Bxc4 Be6 6. Bxe6 fxe6 7. O-O Bh6 8. Nc3 O-O 9. Qb3 Qd6 10. Qxb7 Nc6
11. Qb3 Rab8 12. Qc2 e5 13. dxe5 Qe6 14. Nd4 Nh5 15. Nxe6 Rf5 16. e4 Rxe5 17. Bxh6 Rxe6 18. Nd5 Nd4 19. Qxc7
1-0

[Event "Osvaldo Pugliese in memorian"]
[Site "SchemingMind.com"]
[Date "2006.10.24"]
[Round "-"]
[White "tacticrules"]
[Black "Tahur"]
[Result "1-0"]
[WhiteCountry "GER"]
[BlackCountry "ARG"]
[WhiteElo "1601"]
[WhiteRD "58"]
[BlackElo "1415"]
[BlackRD "60"]
[GameID "73471"]

1. d4 d5 2. c4 dxc4 3. Nf3 Bf5 4. e3 Nf6 5. Bxc4 e6 6. Nh4 h6 7. Nxf5 exf5 8. Qf3 Qd7 9. Qxb7 Qc6 10. Qxc6+ Nxc6
11. Bb5 Kd7 12. Nc3 Rb8 13. d5 Bb4 14. Bxc6+ Kd8 15. Bd2 Rg8 16. O-O Bxc3 17. Bxc3 Ne4 18. f3 Nxc3 19. bxc3 g5 20. Rab1 Rxb1
21. Rxb1 Kc8 22. Rb7 g4 23. Rxa7 Kd8 24. Ra8+ Ke7 25. Rxg8 gxf3 26. gxf3 h5 27. Rh8
1-0

[Event "Osvaldo Pugliese in memorian"]
[Site "SchemingMind.com"]
[Date "2006.10.24"]
[Round "-"]
[White "tacticrules"]
[Black "Negrito19"]
[Result "1-0"]
[WhiteCountry "GER"]
[BlackCountry "ARG"]
[WhiteElo "1601"]
[WhiteRD "58"]
[BlackElo "1506"]
[BlackRD "56"]
[GameID "73472"]

1. d4 d5 2. c4 e6 3. Nf3 Nc6 4. e3 b6 5. a3 Ba6 6. b4 dxc4 7. Qc2 b5 8. Be2 g6 9. Bb2 f6 10. Bc3 Bg7
11. a4 Nge7 12. axb5 Bxb5 13. Na3 a6 14. Bxc4 Bxc4 15. Nxc4 Nd5 16. e4 Nxc3 17. Qxc3 Qe7 18. O-O O-O 19. Rab1 g5 20. b5 g4
21. bxc6 gxf3 22. Qxf3 e5 23. d5 Rf7 24. Rb7 Qc5 25. Ne3 Bh6 26. Nf5 Bg5 27. Qg4 Kh8 28. Rfb1 Rff8 29. h4 h6 30. hxg5 fxg5
31. Rxc7 Ra7 32. Rcb7 Raa8 33. Qh5 Rf6 34. Rb8+ Rxb8 35. Rxb8+ Kh7 36. Rb7+ Kh8 37. Qe8+ Rf8 38. Qxe5+ Kg8 39. Qg7#
1-0

[Event "Osvaldo Pugliese in memorian"]
[Site "SchemingMind.com"]
[Date "2006.10.24"]
[Round "-"]
[White "tacticrules"]
[Black "alejandra"]
[Result "1-0"]
[WhiteCountry "GER"]
[BlackCountry "ARG"]
[WhiteElo "1583"]
[WhiteRD "51"]
[BlackElo "1166"]
[BlackRD "83"]
[GameID "73473"]

1. d4 d5 2. c4 dxc4 3. Nf3 Bf5 4. e3 Nc6 5. Bxc4 e6 6. O-O Qd6 7. Nc3 O-O-O 8. Nh4 Nf6 9. Nxf5 exf5 10. Bxf7 Ng4
11. g3 Rd7 12. Bh5 Qh6 13. Bxg4 Rf7 14. Bf3 Be7 15. e4 Rd8 16. Bxh6 gxh6 17. d5 Ne5 18. Bg2 Ng4 19. h3 Ne5 20. f4 Ng6
21. exf5 Rxf5 22. h4 c6 23. Bh3 Rf8 24. Bxf5+ Rxf5 25. Qg4 Kd8 26. Qxf5 Nf8 27. dxc6 bxc6 28. Rfd1+ Ke8 29. Qh5+ Ng6 30. Qxh6 Nh8
31. Qxh7 Bf6 32. Qg8+ Ke7 33. Re1+
1-0

[Event "Osvaldo Pugliese in memorian"]
[Site "SchemingMind.com"]
[Date "2006.10.24"]
[Round "-"]
[White "tacticrules"]
[Black "crespov"]
[Result "1/2-1/2"]
[WhiteCountry "GER"]
[BlackCountry "CHI"]
[WhiteElo "1621"]
[WhiteRD "87"]
[BlackElo "1547"]
[BlackRD "147"]
[GameID "73474"]

1. d4 Nf6 2. c4 e6 3. Nc3 c6 4. e4 Bb4 5. f3 Bxc3+ 6. bxc3 O-O 7. Bg5 h6 8. Bh4 g5 9. Bf2 Qa5 10. Qd2 d6
11. Bd3 Nbd7 12. Ne2 Nb6 13. O-O Na4 14. Bc2 Nb2 15. Bb3 Na4 16. Qc2 Nb6=
1/2-1/2

[Event "Osvaldo Pugliese in memorian"]
[Site "SchemingMind.com"]
[Date "2006.10.29"]
[Round "-"]
[White "limajazz"]
[Black "tacticrules"]
[Result "0-1"]
[WhiteCountry "GUA"]
[BlackCountry "GER"]
[WhiteElo "1422"]
[WhiteRD "90"]
[BlackElo "1583"]
[BlackRD "51"]
[GameID "73475"]

1. e4 d5 2. d4 e6 3. e5 c5 4. c3 Nc6 5. Bb5 Bd7 6. Ne2 Qb6 7. Na3 Nge7 8. Be3 Nf5 9. O-O cxd4 10. cxd4 Bxa3
11. Bd3 Nxe3 12. fxe3 Be7 13. Ng3 O-O-O 14. a4 Nb4 15. Rc1+ Kb8 16. Bb1 Rc8 17. Rf2 Rxc1 18. Qxc1 Rc8 19. Qf1 f5 20. exf6 Bxf6
21. Bxh7 Bxa4 22. Nh5 Rh8 23. Nxf6 gxf6 24. Rxf6 Rxh7
0-1

[Event "Osvaldo Pugliese in memorian"]
[Site "SchemingMind.com"]
[Date "2006.10.24"]
[Round "-"]
[White "sacuna"]
[Black "tacticrules"]
[Result "0-1"]
[WhiteCountry "ARG"]
[BlackCountry "GER"]
[WhiteElo "1314"]
[WhiteRD "85"]
[BlackElo "1621"]
[BlackRD "87"]
[GameID "73476"]

1. d4 d5 2. g3 g6 3. Bg2 Bg7 4. Nh3 Nf6 5. O-O O-O 6. Nc3 c6 7. e4 Bxh3 8. Bxh3 Nxe4 9. Nxe4 dxe4 10. Re1 f5
11. Bg5 h6 12. Bh4 g5 13. Bxf5 Rxf5 14. g4 Rf8 15. Bg3 Qxd4 16. Qxd4 Bxd4 17. Rxe4 Bf6 18. Re6 Na6 19. Rae1 Nc5 20. R6e3 Rad8
21. b4 Na4 22. f4 Bd4 23. fxg5 Bxe3+ 24. Rxe3 Rd1+ 25. Re1 Rxe1+ 26. Bxe1 hxg5 27. h4 Rf4 28. hxg5 Rxg4+ 29. Kf2 Rxg5 30. Bd2 Rd5
31. Be3 c5 32. bxc5 Nxc5 33. Bxc5 Rxc5
0-1

[Event "Osvaldo Pugliese in memorian"]
[Site "SchemingMind.com"]
[Date "2006.10.24"]
[Round "-"]
[White "Tahur"]
[Black "tacticrules"]
[Result "1/2-1/2"]
[WhiteCountry "ARG"]
[BlackCountry "GER"]
[WhiteElo "1415"]
[WhiteRD "60"]
[BlackElo "1601"]
[BlackRD "58"]
[GameID "73477"]

1. e4 e6 2. Nf3 c5 3. Nc3 Nc6 4. Bb5 Nge7 5. d3 a6 6. Bxc6 Nxc6 7. a3 Be7 8. Be3 O-O 9. d4 cxd4 10. Nxd4 Bf6
11. Nxc6 dxc6 12. Qxd8 Rxd8 13. h3 b5 14. O-O Bb7 15. Bc5 Rd2 16. Rac1 Rad8 17. Bb6 R8d7 18. Be3 R2d6 19. Rfd1 Bxc3 20. Rxd6 Rxd6
21. bxc3 e5 22. Rb1 f6 23. c4 Kf7 24. cxb5 cxb5 25. f3 Ke6 26. Rc1 h6 27. Bc5 Rc6 28. Bf8 Kf7 29. Bb4 Rc4 30. c3 Ke6
31. Rd1 Rc7 32. Rd6+ Kf7 33. g4 Bc8 34. Kf2 Rd7 35. Rxd7+ Bxd7 36. Ke3= Be6 37. f4 Bc4 38. fxe5=
1/2-1/2

[Event "Osvaldo Pugliese in memorian"]
[Site "SchemingMind.com"]
[Date "2006.10.24"]
[Round "-"]
[White "Negrito19"]
[Black "tacticrules"]
[Result "1-0"]
[WhiteCountry "ARG"]
[BlackCountry "GER"]
[WhiteElo "1506"]
[WhiteRD "56"]
[BlackElo "1601"]
[BlackRD "58"]
[GameID "73478"]

1. e4 e6 2. Nf3 c5 3. d4 cxd4 4. Qxd4 Nc6 5. Qa4 d6 6. Bb5 Bd7 7. Nc3 Qc7 8. Nd4 Nxd4 9. Qxd4 Bxb5 10. Nxb5 Qa5+
11. Nc3 e5 12. Qd5 Qc7 13. O-O Nf6 14. Qb5+ Qc6 15. Qxc6+ bxc6 16. Bg5 Be7 17. Rad1 Rd8 18. f4 O-O 19. Rd3 Rfe8 20. Rg3 Nh5
21. Rg4 Bxg5 22. fxg5 Nf4 23. g3 Ng6 24. h4 d5 25. h5 Nf8 26. exd5 cxd5 27. Nb5 Re6 28. a4 a6 29. Nc3 d4 30. Ne4 Rc6
31. c3 dxc3 32. bxc3 Rc4 33. Nf6+ gxf6 34. Rxc4 fxg5 35. Rf5 h6 36. Rxe5 Rd1+ 37. Kf2 Ne6 38. Rc8+ Kg7 39. Ra8 Rd2+ 40. Re2 Rd6
41. c4 Rc6 42. Re5 Rxc4 43. Rxa6 Nc5 44. Rc6 Ne4+ 45. Rxe4 Rxe4 46. a5 Re7 47. a6 Ra7 48. g4 Kf8 49. Ke3 Kg7 50. Kd4 f6
51. Rb6 Rd7+ 52. Kc5 Rc7+ 53. Kd6
1-0

[Event "Osvaldo Pugliese in memorian"]
[Site "SchemingMind.com"]
[Date "2006.10.24"]
[Round "-"]
[White "alejandra"]
[Black "tacticrules"]
[Result "0-1"]
[WhiteCountry "ARG"]
[BlackCountry "GER"]
[WhiteElo "1207"]
[WhiteRD "94"]
[BlackElo "1601"]
[BlackRD "58"]
[GameID "73479"]

1. d4 d5 2. Nf3 e6 3. Bf4 Nf6 4. e3 Nh5 5. Bg5 Be7 6. Bb5+ c6 7. Ba4 Bxg5 8. Nxg5 Qxg5 9. Nc3 Qxg2 10. Qxh5 Qxh1+
11. Kd2 Qxa1 12. Qg5 g6 13. Qf6 Rf8 14. Qe5 Qf1 15. Nxd5 Qxf2+ 16. Kc3 Nd7 17. Qe4 cxd5 18. Qd3 Qe1+ 19. Kb3 a5 20. h4 Qb4#
0-1

[Event "Osvaldo Pugliese in memorian"]
[Site "SchemingMind.com"]
[Date "2006.10.24"]
[Round "-"]
[White "crespov"]
[Black "tacticrules"]
[Result "0-1"]
[WhiteCountry "CHI"]
[BlackCountry "GER"]
[WhiteElo "1643"]
[WhiteRD "97"]
[BlackElo "1601"]
[BlackRD "58"]
[GameID "73480"]

1. c4 Nf6 2. Nc3 e6 3. d4 Bb4 4. Qb3 a5 5. Bd2 O-O 6. Nf3 b6 7. e3 Bb7 8. Be2 d5 9. O-O Nbd7 10. a3 Bxc3
11. Bxc3 Ne4= 12. Qc2 Ndf6 13. Ne5 Rc8 14. Bd3 c5 15. f3 Nxc3 16. bxc3 g6 17. cxd5 Nxd5 18. Rfe1 cxd4 19. exd4 Rxc3 20. Qd2 Qd6
21. Qh6 Nf6 22. Bxg6 fxg6 23. Nxg6 hxg6 24. Qxg6+ Kh8 25. Re5 Qxd4+ 26. Kh1 Qxe5 27. Qh6+ Nh7 28. Rd1 Rcxf3 29. Rg1 R3f6 30. Qh3 Rf1
31. a4 Rxg1+
0-1

[Event "Osvaldo Pugliese in memorian"]
[Site "SchemingMind.com"]
[Date "2006.10.29"]
[Round "-"]
[White "mart_r3000"]
[Black "limajazz"]
[Result "0-1"]
[WhiteCountry "ENG"]
[BlackCountry "GUA"]
[WhiteElo "1286"]
[WhiteRD "52"]
[BlackElo "1422"]
[BlackRD "90"]
[GameID "73488"]

1. e4 e5 2. Nf3 d6 3. h3 Nf6 4. Bb5+ c6 5. Ba4 Bd7 6. c3 Nxe4 7. O-O Be7 8. d3 Nc5 9. Bc2 O-O 10. Re1 Bf6
11. b4 Ne6 12. Nh2 Nf4 13. d4 Nxh3+ 14. Kf1 Ng5 15. d5 Qe7 16. Nd2 b6 17. Ne4 Nxe4 18. Bxe4 c5 19. bxc5 bxc5 20. Qh5 Bb5+
21. Kg1 g6 22. Qf3 a5 23. Ng4 Bh4 24. Nh6+ Kh8 25. g3 f5 26. Bc2 Nd7 27. Kg2 Rae8 28. Rh1 Bg5 29. Bxg5 Qxg5 30. Rh4 Qd2
31. Bxf5 Be2 32. Qe4 Nf6 33. Qa4 Qxd5+ 34. Kh3 e4 35. c4 Qd4 36. Nf7+ Rxf7 37. Bxg6 Qxa1 38. Bxe4 Qf1+ 39. Kh2 Qxf2+ 40. Bg2 Bf3
0-1

[Event "Osvaldo Pugliese in memorian"]
[Site "SchemingMind.com"]
[Date "2006.10.25"]
[Round "-"]
[White "mart_r3000"]
[Black "sacuna"]
[Result "1-0"]
[WhiteCountry "ENG"]
[BlackCountry "ARG"]
[WhiteElo "1254"]
[WhiteRD "55"]
[BlackElo "1321"]
[BlackRD "75"]
[GameID "73489"]

1. e4 d5 2. Bb5+ c6 3. Bd3 dxe4 4. Bxe4 f5 5. Bf3 Nf6 6. Ne2 Na6 7. O-O e6 8. d4 g5 9. Bxg5 h6 10. Bxf6 Qxf6
11. Re1 c5 12. c3 Be7 13. Bh5+ Kf8 14. Nf4 Rg8 15. g3 Bd7 16. Qf3 Bc6 17. d5 exd5 18. Ne6+ Qxe6 19. Rxe6 Rg5 20. Rxh6 Kg8
21. Qe3 Kf8 22. Rh8+ Kg7 23. Qe5+
1-0

[Event "Osvaldo Pugliese in memorian"]
[Site "SchemingMind.com"]
[Date "2006.10.24"]
[Round "-"]
[White "mart_r3000"]
[Black "Tahur"]
[Result "0-1"]
[WhiteCountry "ENG"]
[BlackCountry "ARG"]
[WhiteElo "1254"]
[WhiteRD "55"]
[BlackElo "1415"]
[BlackRD "60"]
[GameID "73490"]

1. e4 e5 2. Nf3 Nc6 3. Bc4 Nf6 4. d3 Bc5 5. Qd2 d6 6. Ng5 d5 7. exd5 Nxd5 8. O-O h6 9. Nf3 Be6 10. Re1 Qf6
11. b3 Bb4 12. c3 Bd6 13. d4 exd4 14. cxd4 Bb4 15. Qd1 Bxe1 16. Nxe1 O-O 17. h3 Nxd4 18. Bb2 c5 19. Nd3 b6 20. Nd2 Qg6
21. g4 Nc7 22. Nf4 Qg5 23. Nxe6 fxe6 24. Ne4 Qh4 25. Qd2 Nf3+ 26. Kf1 Nxd2+ 27. Ke2 Nxe4 28. f3 Qf2+ 29. Kd3 Qxf3+ 30. Kc2 Rad8
31. b4 Rd2+ 32. Kb1 Qd1+
0-1

[Event "Osvaldo Pugliese in memorian"]
[Site "SchemingMind.com"]
[Date "2006.10.24"]
[Round "-"]
[White "mart_r3000"]
[Black "Negrito19"]
[Result "0-1"]
[WhiteCountry "ENG"]
[BlackCountry "ARG"]
[WhiteElo "1270"]
[WhiteRD "54"]
[BlackElo "1507"]
[BlackRD "60"]
[GameID "73491"]

1. e4 e5 2. Nf3 Nf6 3. Nc3 Nc6 4. Bd3 Bb4 5. a3 Bxc3 6. dxc3 d5 7. exd5 Nxd5 8. Bc4 Be6 9. Bb5 O-O 10. O-O e4
11. Ng5 h6 12. Nxe6 fxe6 13. Qg4 Rf6 14. Qxe4 Nce7 15. Bd3 Ng6 16. c4 Nde7 17. Rd1 Qf8 18. Qxb7 c6 19. Qb4 Rxf2 20. g3 Qf3
21. Bf1 Qxd1 22. Kxf2 Rf8+ 23. Ke3 Nf5+ 24. Kf2 Nfh4+ 25. Ke3 Nf5+ 26. Kf2 Nd4+ 27. Ke3 Nxc2+
0-1

[Event "Osvaldo Pugliese in memorian"]
[Site "SchemingMind.com"]
[Date "2006.10.24"]
[Round "-"]
[White "mart_r3000"]
[Black "alejandra"]
[Result "1-0"]
[WhiteCountry "ENG"]
[BlackCountry "ARG"]
[WhiteElo "1361"]
[WhiteRD "56"]
[BlackElo "1168"]
[BlackRD "84"]
[GameID "73492"]

1. e4 e5 2. Nf3 Nc6 3. d3 Bc5 4. Bg5 Nf6 5. Be2 O-O 6. c3 d6 7. d4 Be6 8. dxc5 h6 9. Bd2 Nxe4 10. Be3 dxc5
11. Bd3 Qf6 12. Bxe4 Rad8 13. Nbd2 Bc4 14. Qa4 Ba6 15. Bxc5 Rfe8 16. O-O-O Bd3 17. g3 Qe6 18. b3 Be2 19. Rde1 Bxf3 20. Nxf3 g5
21. b4 Qc4 22. Re3 g4 23. Qc2 b6 24. Bh7+ Kh8 25. Bf5 Qd5 26. Be4 Qe6 27. Rd1 bxc5 28. b5 Rb8 29. Bxc6 Red8 30. Red3 Rd6
31. c4 Rbd8 32. Bd5 Qg6 33. Nxe5 Qh5 34. Nxf7+
1-0

[Event "Osvaldo Pugliese in memorian"]
[Site "SchemingMind.com"]
[Date "2006.10.24"]
[Round "-"]
[White "mart_r3000"]
[Black "tacticrules"]
[Result "0-1"]
[WhiteCountry "ENG"]
[BlackCountry "GER"]
[WhiteElo "1254"]
[WhiteRD "55"]
[BlackElo "1601"]
[BlackRD "58"]
[GameID "73493"]

1. e4 e5 2. Nf3 Nf6 3. Nc3 Nc6 4. Bc4 Bb4 5. Ng5 O-O 6. Qf3 h6 7. h4 Nd4 8. Qd3 d6 9. a3 Bxc3 10. dxc3 Ne6
11. Nxe6 Bxe6 12. Bxe6 fxe6 13. Qg3 Nxe4 14. Qg4 Nxf2 15. Qxe6+ Kh8 16. Be3 Nxh1 17. O-O-O Qxh4 18. Kb1 Rae8 19. Qd5 Nf2 20. Re1 Ng4
21. Bd2 Nf6 22. Qxb7 Qa4 23. Qxc7 Rb8 24. Qxd6 Rfd8 25. Qxe5 Qxa3 26. Bc1 Qa4 27. b3 Qc6 28. g3 Re8 29. Qf4 Rxb3+ 30. Ka2 Rxe1
31. Kxb3 Re4 32. Qb8+ Kh7 33. Qxa7 Qc4+ 34. Kb2 Qb5+ 35. Ka3 Re6 36. Ka2 Ra6+ 37. Qxa6 Qxa6+ 38. Ba3 Ne4 39. Kb3 Nxg3 40. c4 Ne2
41. Bb4 Nd4+ 42. Kc3 Nc6 43. Bd6 Na5 44. Kd4 Qxd6+ 45. Kc3 Nxc4 46. Kxc4 g5
0-1

[Event "Osvaldo Pugliese in memorian"]
[Site "SchemingMind.com"]
[Date "2006.10.24"]
[Round "-"]
[White "mart_r3000"]
[Black "crespov"]
[Result "0-1"]
[WhiteCountry "ENG"]
[BlackCountry "CHI"]
[WhiteElo "1270"]
[WhiteRD "54"]
[BlackElo "1547"]
[BlackRD "147"]
[GameID "73494"]

1. e4 c5 2. Nf3 d6 3. d4 cxd4 4. Bb5+ Bd7 5. Nxd4 e5 6. Bc4 exd4 7. Qxd4 Nc6 8. Qd5 Be6 9. Qb5 Bxc4 10. Qxc4 Nf6
11. O-O Be7 12. Nc3 O-O 13. e5 Nxe5 14. Qe4 Nxe4 15. Nxe4 Rc8 16. c3 Nd3 17. Be3 a6 18. Rfd1 Nxb2 19. Rd5 Nc4 20. Bd4 Nb6
21. Rf5 Rc4 22. Rc1 Ra4 23. Rb1 Nc4 24. Kf1 Qd7 25. g4 d5 26. Nc5 Bxc5 27. Bxc5 Nd2+ 28. Kg2 Nxb1 29. h4 Rxg4+ 30. Kf1 Qxf5
0-1

[Event "Osvaldo Pugliese in memorian"]
[Site "SchemingMind.com"]
[Date "2006.10.29"]
[Round "-"]
[White "limajazz"]
[Black "mart_r3000"]
[Result "0-1"]
[WhiteCountry "GUA"]
[BlackCountry "ENG"]
[WhiteElo "1422"]
[WhiteRD "90"]
[BlackElo "1286"]
[BlackRD "52"]
[GameID "73495"]

1. e4 e5 2. c3 Nf6 3. d3 h6 4. Nf3 Nc6 5. Be2 Bc5 6. O-O Ng4 7. d4 exd4 8. cxd4 Bd6 9. e5 Be7 10. h3 Ngxe5
11. dxe5 O-O 12. Be3 a6 13. Qd2 Bb4 14. Nc3 g5 15. a3 Be7 16. Rad1 d6 17. Nd5 Nxe5 18. Nxe7+ Qxe7 19. Bxg5 Nxf3+ 20. Bxf3 hxg5
21. Rfe1 Be6 22. Be4 Rad8 23. Re3 f6 24. Rg3 Kf7 25. Bxb7 Rg8 26. Re1 Qd7 27. Bxa6 g4 28. hxg4 d5 29. g5 f5 30. Qd4 Rg6
31. a4 Qd6 32. f4 c5 33. Qd1 Qxf4 34. Qh5 Qxg3 35. Qh7+ Rg7 36. Qh5+ Ke7 37. Qe2 Rd6 38. Bb7 Rxg5 39. Bxd5 f4 40. Bxe6 f3
41. Qe4 Qxg2#
0-1

[Event "Osvaldo Pugliese in memorian"]
[Site "SchemingMind.com"]
[Date "2006.10.25"]
[Round "-"]
[White "sacuna"]
[Black "mart_r3000"]
[Result "1-0"]
[WhiteCountry "ARG"]
[BlackCountry "ENG"]
[WhiteElo "1321"]
[WhiteRD "75"]
[BlackElo "1254"]
[BlackRD "55"]
[GameID "73496"]

1. d4 d5 2. Nc3 Nf6 3. g3 e6 4. Bg2 Ng4 5. e4 Qf6 6. Qxg4 Qxd4 7. Nge2 Qc4 8. b3 Qb4 9. Bf3 f5 10. exf5 Qxg4
11. Bxg4 exf5 12. Bf3 Be6 13. Nxd5 c6 14. Nc7+ Kf7 15. Nxa8 Bb4+ 16. Bd2 Bxd2+ 17. Kxd2 Rd8+ 18. Kc3 Na6 19. Nd4 Bc8 20. a4 c5
21. Nb5 Nb4 22. Nxa7 Be6 23. Rhd1 Rxa8 24. Nb5 g5 25. Nc7 Rc8 26. Nxe6 Kxe6 27. Bxb7 Rc7 28. Bg2 h5 29. Re1+ Kd6 30. Rad1+ Nd5+
31. Rxd5+ Kc6 32. Rxf5+ Kd7 33. Rf7+ Kc8 34. Rxc7+ Kxc7 35. Re6 Kd7 36. Rh6
1-0

[Event "Osvaldo Pugliese in memorian"]
[Site "SchemingMind.com"]
[Date "2006.10.24"]
[Round "-"]
[White "Tahur"]
[Black "mart_r3000"]
[Result "1-0"]
[WhiteCountry "ARG"]
[BlackCountry "ENG"]
[WhiteElo "1415"]
[WhiteRD "60"]
[BlackElo "1254"]
[BlackRD "55"]
[GameID "73497"]

1. e4 e5 2. Nf3 Nc6 3. Bc4 h6 4. d3 Bb4+ 5. Bd2 Qe7 6. a3 Bd6 7. Nc3 Nd4 8. Nxd4 exd4 9. Nd5 Qd8 10. Qf3 Nf6
11. Nxf6+ Qxf6 12. Qxf6 gxf6 13. c3 Be5 14. f4 Bd6 15. cxd4 O-O 16. e5 fxe5 17. fxe5 Re8 18. O-O Be7 19. Bxf7+ Kg7 20. Bxe8 Bf8
21. Rf6 d6 22. Bxh6+ Kh8 23. Rxf8+ Kh7 24. Rf6 Bg4 25. Ba4 a6 26. Re1 b5 27. Bd1 Bd7 28. e6 Re8 29. d5 c6 30. Bf4 cxd5
31. Rf7+ Kg6 32. Rxd7
1-0

[Event "Osvaldo Pugliese in memorian"]
[Site "SchemingMind.com"]
[Date "2006.10.24"]
[Round "-"]
[White "Negrito19"]
[Black "mart_r3000"]
[Result "0-1"]
[WhiteCountry "ARG"]
[BlackCountry "ENG"]
[WhiteElo "1506"]
[WhiteRD "56"]
[BlackElo "1254"]
[BlackRD "55"]
[GameID "73498"]

1. e4 e5 2. Bc4 Nf6 3. Nf3 Nxe4 4. d3 Nxf2 5. Kxf2 Bc5+ 6. Be3 Bxe3+ 7. Kxe3 O-O 8. Nxe5 Qg5+ 9. Kd4 Qf4+ 10. Kc3 Qxe5+
11. d4 Qe3+ 12. Bd3 Nc6 13. Qg4 d5 14. Qh4 h6 15. Re1 Qg5 16. Qxg5 hxg5 17. Kd2 Nxd4 18. Re5 f6 19. Rxd5 Ne6 20. g3 c6
21. Ra5 Nd4 22. Bc4+ Kh8 23. h4 b6 24. Ra3 Bf5 25. Ke3 Nxc2+ 26. Kf3 Nxa1 27. g4 Bxb1 28. hxg5 fxg5+ 29. Kg2 Be4+ 30. Kg1 g6
31. Rh3+ Kg7 32. Re3 Rae8 33. Re1 Nc2 34. Rc1 Rf4 35. Be2 Rh8 36. Bf3 Bxf3 37. Kf2 Be4+ 38. Kg3 Rf3+ 39. Kg2 Rfh3+ 40. Kf2 Rf8+
41. Ke2 Rh2+ 42. Kd1 Rf1#
0-1

[Event "Osvaldo Pugliese in memorian"]
[Site "SchemingMind.com"]
[Date "2006.10.24"]
[Round "-"]
[White "alejandra"]
[Black "mart_r3000"]
[Result "1-0"]
[WhiteCountry "ARG"]
[BlackCountry "ENG"]
[WhiteElo "1207"]
[WhiteRD "94"]
[BlackElo "1254"]
[BlackRD "55"]
[GameID "73499"]

1. d4 d5 2. Bf4 Bd7 3. Nc3 e6 4. Qd3 Bb4 5. e3 a6 6. O-O-O Nf6 7. Be2 O-O 8. h4 Bc6 9. Nh3 Bxc3 10. Qxc3 Ne4
11. Qb3 Qxh4 12. Bxc7 Nd7 13. f3 Ng3 14. Bxg3 Qxg3 15. Nf4 Qg5 16. Qd3 Rae8 17. Qxh7#
1-0

[Event "Osvaldo Pugliese in memorian"]
[Site "SchemingMind.com"]
[Date "2006.10.24"]
[Round "-"]
[White "tacticrules"]
[Black "mart_r3000"]
[Result "1-0"]
[WhiteCountry "GER"]
[BlackCountry "ENG"]
[WhiteElo "1601"]
[WhiteRD "58"]
[BlackElo "1254"]
[BlackRD "55"]
[GameID "73500"]

1. d4 d5 2. c4 e6 3. Nf3 h6 4. e3 Nf6 5. Nc3 Bb4 6. Bd2 c6 7. Bd3 O-O 8. O-O Ng4 9. h3 Nf6 10. Rc1 Na6
11. a3 Ba5 12. b4 Bc7 13. cxd5 cxd5 14. Qe2 Qd6 15. Nb5 Qe7 16. Nxc7 Nxc7 17. Rc2 Ne4 18. Rfc1 Bd7 19. Rxc7 Rab8 20. Ne5 Rfc8
21. Rxc8+ Bxc8 22. f3 Ng3 23. Qf2 Qh4 24. Be1 g5 25. Qxg3 Qxg3 26. Bxg3 b6 27. Nc6 Rb7 28. Ba6 Rd7 29. Bxc8 Rd8 30. Ne7+ Kf8
31. Bc7 Kxe7 32. Bxd8+ Kxd8 33. Bb7 Ke7 34. Rc7+ Kf6 35. Bc6 h5 36. Rxa7 Kg6 37. Be8 g4 38. Bxf7+ Kg5 39. Bxe6 gxh3 40. gxh3 Kh4
41. Ra6 Kg3 42. Rxb6 Kxf3 43. Bxd5+ Kg3 44. a4 Kxh3 45. a5 h4 46. a6
1-0

[Event "Osvaldo Pugliese in memorian"]
[Site "SchemingMind.com"]
[Date "2006.10.24"]
[Round "-"]
[White "crespov"]
[Black "mart_r3000"]
[Result "1-0"]
[WhiteCountry "CHI"]
[BlackCountry "ENG"]
[WhiteElo "1547"]
[WhiteRD "147"]
[BlackElo "1270"]
[BlackRD "54"]
[GameID "73501"]

1. e4 e5 2. Nf3 Nc6 3. Bc4 h6 4. d4 d6 5. d5 Nb4 6. a3 Na6 7. Nbd2 Nf6 8. O-O Be7 9. Nb3 Nxe4 10. Qe2 Bf5
11. Bxa6 bxa6 12. Qxa6 O-O 13. Nfd2 Nxd2 14. Bxd2 Bxc2 15. Na5 Qd7 16. Nc6 Be4 17. Qc4 f5 18. f3 Bxf3 19. Rxf3 f4 20. Rb1 Qf5
21. Nxe7+ Kh7 22. Nxf5 Rxf5 23. Qxc7 e4 24. Rxf4 Raf8 25. Rxf5 Rxf5 26. Qxd6 g5 27. Bc3 e3 28. Qe7+ Kg6 29. Qe6+
1-0

[Event "Osvaldo Pugliese in memorian"]
[Site "SchemingMind.com"]
[Date "2006.10.27"]
[Round "-"]
[White "antje"]
[Black "mart_r3000"]
[Result "0-1"]
[WhiteCountry "GER"]
[BlackCountry "ENG"]
[WhiteElo "1133"]
[WhiteRD "73"]
[BlackElo "1281"]
[BlackRD "52"]
[GameID "73536"]

1. b3 e5 2. e3 Nf6 3. Bb2 d6 4. c4 e4 5. d3 Bg4 6. Be2 h5 7. h3 Bf5 8. dxe4 Nxe4 9. Nf3 d5 10. Nd4 Qg5
11. Bf3 Bb4+ 12. Ke2 Qh4 13. Qf1 c6 14. Nxf5 Qg5 15. Nd4 c5 16. Nb5 Na6 17. N1c3 Ng3+ 18. fxg3 d4
0-1

[Event "Osvaldo Pugliese in memorian"]
[Site "SchemingMind.com"]
[Date "2006.10.27"]
[Round "-"]
[White "Manfred Kraut"]
[Black "antje"]
[Result "1-0"]
[WhiteCountry "GER"]
[BlackCountry "GER"]
[WhiteElo "1297"]
[WhiteRD "60"]
[BlackElo "1133"]
[BlackRD "73"]
[GameID "73584"]

1. e4 g6 2. d4 d6 3. d5 Bg7 4. Nc3 e6 5. Nf3 Ne7 6. Bg5 Nd7 7. dxe6 fxe6 8. Bd3 O-O 9. Qe2 Nf6 10. O-O b6
11. e5 Bb7 12. Nb5 a6 13. Nbd4
1-0